[Event "sandroobom2003"]
[Site "http://www.queenalice.com/game.php?id=29177"]
[Date "2005.9.17"]
[Round "-"]
[White "sandroobom2003"]
[Black "dmdagnone"]
[Result "0-1"]
[WhiteElo "1393"]
[BlackElo "1629"]

1. e4 e5 2. Bc4 Nf6 3. Qf3 d6 4. h3 Nc6 5. Ne2 Be7 6. d3 O-O 7. O-O a6 8. a4 Nd4
9. Nxd4 exd4 10. Bg5 Bd7 11. Qe2 h6 12. Bxf6 Bxf6 13. f4 Re8 14. Qh5 Be6 15. Nd2
c6 16. Rae1 b5 17. axb5 axb5 18. Bxe6 Rxe6 19. e5 Bh4 20. Ra1 Be7 21. Nf3 Rxa1
22. Rxa1 dxe5 23. Nxe5 Qe8 24. Ra8 Qxa8 25. Qxf7+ Kh7 26. Qxe6 Qe8 27. Nxc6 Qf8
28. Nxe7 Qe8 0-1

[Event "sandroobom2003"]
[Site "http://www.queenalice.com/game.php?id=29178"]
[Date "2005.9.17"]
[Round "-"]
[White "dmdagnone"]
[Black "sandroobom2003"]
[Result "1-0"]
[WhiteElo "1603"]
[BlackElo "1393"]

1. c4 e5 2. e4 Nf6 3. d3 d6 4. Be2 Be7 5. Nf3 O-O 6. Nc3 c6 7. O-O h6 8. d4 Nbd7
9. Be3 Nh7 10. b4 Bg5 11. d5 Bxe3 12. fxe3 Ng5 13. b5 c5 14. a4 Nxf3+ 15. Bxf3
Nf6 16. a5 Nh7 17. Bg4 Qh4 18. Bxc8 Raxc8 19. b6 a6 20. Qa4 Rcd8 21. Ra2 Ng5 22.
Qd1 Nxe4 23. Qd3 Ng5 24. Raf2 Qg4 25. e4 Nh7 26. Ne2 Qg6 27. Ng3 1-0

[Event "AUTO-OPEN-145"]
[Site "http://www.queenalice.com/game.php?id=29192"]
[Date "2005.9.17"]
[Round "1"]
[White "razoman"]
[Black "sandroobom2003"]
[Result "1-0"]
[WhiteElo "1841"]
[BlackElo "1578"]

1. e4 e5 2. Nf3 Nc6 3. Bc4 Be7 4. c3 d6 5. h3 Nf6 6. d3 O-O 7. O-O h6 8. Re1 Nh7
9. d4 Ng5 10. Nbd2 a6 11. d5 Nb8 12. Nxg5 Bxg5 13. Nf3 Bxc1 14. Rxc1 f5 15. Bd3
f4 16. c4 Nd7 17. b4 Nf6 18. c5 Nh7 19. cxd6 cxd6 20. Rc3 Ng5 21. Nxg5 Qxg5 22.
Be2 Bxh3 23. Rxh3 Rac8 24. Rh5 Qg6 25. Bg4 f3 26. Bxf3 Rf4 27. Rh3 Rcf8 28. Rg3
Qe8 29. Qc1 Qa4 30. Qc7 Qxb4 31. Qxg7# 1-0

[Event "AUTO-OPEN-145"]
[Site "http://www.queenalice.com/game.php?id=29193"]
[Date "2005.9.17"]
[Round "1"]
[White "sandroobom2003"]
[Black "razoman"]
[Result "0-1"]
[WhiteElo "1393"]
[BlackElo "1866"]

1. e4 c5 2. Bc4 e6 3. Nc3 a6 4. a4 Nc6 5. Nf3 d6 6. d3 Nf6 7. O-O Be7 8. h3 O-O
9. Nh2 d5 10. exd5 exd5 11. Ba2 Be6 12. Bg5 Qd7 13. Ne2 Ne8 14. Be3 Bd6 15. Bf4
Qc7 16. Bxd6 Qxd6 17. c3 Rd8 18. d4 c4 19. Ng3 Nf6 20. Bb1 Ne7 21. Nh5 Bf5 22.
Qf3 Be4 23. Nxf6+ Qxf6 24. Bxe4 dxe4 25. Qxe4 Nd5 26. Rae1 Qc6 27. Qf3 Qxa4 28.
Re5 Qc6 29. Ng4 Rd6 30. Rfe1 f6 31. R5e2 Rfd8 0-1

[Event "AUTO-OPEN-145"]
[Site "http://www.queenalice.com/game.php?id=29219"]
[Date "2005.9.17"]
[Round "1"]
[White "xenofonte"]
[Black "sandroobom2003"]
[Result "1-0"]
[WhiteElo "1285"]
[BlackElo "1381"]

1. e4 e5 2. Nf3 Nc6 3. d3 Be7 4. Bg5 Bxg5 5. Nxg5 Qxg5 6. Nc3 Nd4 7. h4 Qg6 8.
Nd5 Qc6 9. Qd2 Nxc2+ 10. Ke2 Nxa1 11. b3 Nc2 12. h5 h6 13. a4 Nd4+ 14. Ke3 Nf6
15. Rh4 Nxd5+ 16. exd5 Qxd5 17. f3 Nf5+ 18. Ke2 Nxh4 19. g3 Qxf3+ 20. Ke1 1-0

[Event "Let's Play Chess!"]
[Site "http://www.queenalice.com/game.php?id=29319"]
[Date "2005.9.18"]
[Round "-"]
[White "sandroobom2003"]
[Black "Edgar"]
[Result "0-1"]
[WhiteElo "1646"]
[BlackElo "1501"]

1. e4 e5 2. Bc4 Nf6 3. Qf3 a6 4. a4 Bd6 5. d3 O-O 6. Ne2 Nc6 7. O-O Nb4 8. Bb3
c5 9. c3 Nc6 10. h3 Na5 11. Ba2 Be7 12. Ng3 g6 13. Bh6 Re8 14. Nf5 Bf8 15. Bg5
d6 16. Ne3 Kg7 17. Nd5 Be7 18. Nxe7 Qxe7 19. Qe3 Be6 20. Bxe6 Qxe6 0-1

[Event "sandroobom2003"]
[Site "http://www.queenalice.com/game.php?id=29321"]
[Date "2005.9.18"]
[Round "-"]
[White "sandroobom2003"]
[Black "NextFuture"]
[Result "0-1"]
[WhiteElo "1383"]
[BlackElo "2063"]

1. e4 Nf6 2. e5 Nd5 3. Bc4 Nb6 4. Bb3 c5 5. Na3 Nc6 6. Nf3 d5 7. c4 d4 8. d3 Bg4
9. Bf4 a6 10. h3 Bh5 11. O-O e6 12. Nc2 h6 13. Nce1 g5 14. Bg3 Bg7 15. Ba4 Qc7
16. Bxc6+ Qxc6 17. Qd2 Nd7 0-1

[Event "Let's Play Chess!"]
[Site "http://www.queenalice.com/game.php?id=29335"]
[Date "2005.9.18"]
[Round "-"]
[White "sandroobom2003"]
[Black "tpstar"]
[Result "0-1"]
[WhiteElo "1454"]
[BlackElo "1915"]

1. e4 e5 2. Bc4 Nf6 3. Qf3 Nc6 4. Ne2 Bc5 5. O-O d6 6. h3 Be6 7. Bxe6 fxe6 8. d3
Qd7 9. Bg5 O-O 10. Qg3 Rae8 11. c3 a5 12. Nd2 d5 13. a3 a4 14. Kh1 Bd6 15. Bxf6
Rxf6 16. Nf3 Ref8 17. Nh2 Qf7 18. Ng4 Rg6 19. Qe3 b6 20. d4 exd4 21. cxd4 Na5
22. e5 Be7 23. Rac1 c5 24. Rc2 Qf5 25. Rc3 Nc4 26. Qc1 cxd4 27. Nxd4 Qh5 28. f3
Bc5 29. Rd1 Nxe5 0-1

[Event "AUTO-ELITE-07"]
[Site "http://www.queenalice.com/game.php?id=29947"]
[Date "2005.9.22"]
[Round "1"]
[White "franliro"]
[Black "sandroobom2003"]
[Result "1-0"]
[WhiteElo "1960"]
[BlackElo "1442"]

1. e4 e5 2. Nf3 d6 3. d4 exd4 4. Nxd4 Nf6 5. Nc3 Be7 6. Bc4 O-O 7. O-O h6 8. f3
Nh7 9. Nd5 Bf6 10. c3 c6 11. Nxf6+ Qxf6 12. f4 Qg6 13. f5 Qf6 14. Rf3 Ng5 15.
Bxg5 Qxg5 16. Rg3 Qe7 17. Qh5 Kh8 18. Rf1 1-0

[Event "AUTO-ELITE-07"]
[Site "http://www.queenalice.com/game.php?id=29948"]
[Date "2005.9.22"]
[Round "1"]
[White "sandroobom2003"]
[Black "franliro"]
[Result "0-1"]
[WhiteElo "1442"]
[BlackElo "1962"]

1. e4 c5 2. Bc4 e6 3. e5 d5 4. Bb5+ Bd7 5. Bxd7+ Nxd7 6. Nf3 Ne7 7. c3 Ng6 8. d4
Rc8 9. O-O Be7 10. h3 O-O 11. Nh2 cxd4 12. cxd4 Qb6 13. Nc3 Rc4 14. Ne2 Rfc8 15.
f4 f6 16. Nf3 fxe5 17. Nxe5 Ndxe5 18. fxe5 Nxe5 0-1

[Event "AUTO-ELITE-07"]
[Site "http://www.queenalice.com/game.php?id=29961"]
[Date "2005.9.22"]
[Round "1"]
[White "Pato"]
[Black "sandroobom2003"]
[Result "1-0"]
[WhiteElo "1912"]
[BlackElo "1395"]

1. f4 e6 2. Nf3 Nc6 3. b3 Be7 4. Bb2 Bh4+ 5. g3 Bf6 6. Ne5 Nge7 7. e4 O-O 8. d4
d6 9. Ng4 e5 10. Nxf6+ gxf6 11. d5 Nb8 12. f5 Nxf5 13. exf5 Bxf5 14. Bd3 Bg6 15.
O-O c6 16. Nc3 Qb6+ 17. Kg2 Qd4 18. Rxf6 Nd7 19. Rxd6 Nc5 20. Bxg6 fxg6 21. Qxd4
exd4 22. Ba3 Na6 23. dxc6 dxc3 24. cxb7 1-0

[Event "AUTO-ELITE-07"]
[Site "http://www.queenalice.com/game.php?id=29962"]
[Date "2005.9.22"]
[Round "1"]
[White "sandroobom2003"]
[Black "Pato"]
[Result "0-1"]
[WhiteElo "1395"]
[BlackElo "1910"]

1. e4 Nc6 2. Nf3 d5 3. e5 Bg4 4. Bb5 f6 5. d4 e6 6. O-O a6 7. Bxc6+ bxc6 8. h3
Bh5 9. Nbd2 fxe5 10. dxe5 c5 11. c3 Ne7 12. Qa4+ Qd7 13. Qh4 Bf7 14. Ng5 Nf5 15.
Qf4 h6 16. Nxf7 Qxf7 17. Qa4+ Qd7 18. Qxd7+ Kxd7 19. Nb3 g5 20. Na5 Be7 21. Bd2
h5 22. b4 g4 23. hxg4 hxg4 0-1

[Event "AUTO-ELITE-07"]
[Site "http://www.queenalice.com/game.php?id=29971"]
[Date "2005.9.22"]
[Round "1"]
[White "sandroobom2003"]
[Black "Brandon"]
[Result "0-1"]
[WhiteElo "1562"]
[BlackElo "2066"]

1. e4 c5 2. Bc4 Nc6 3. Nf3 e6 4. e5 d6 5. Bb5 Bd7 6. Bxc6 Bxc6 7. exd6 Bxd6 8.
d3 Nf6 9. O-O Ng4 10. h3 Ne5 11. Bf4 Nxf3+ 12. Kh1 Bxf4 13. gxf3 Qh4 14. Kg2 g5
15. Rh1 g4 16. hxg4 Qxg4+ 17. Kf1 Bxf3 0-1

[Event "AUTO-ELITE-07"]
[Site "http://www.queenalice.com/game.php?id=29972"]
[Date "2005.9.22"]
[Round "1"]
[White "Brandon"]
[Black "sandroobom2003"]
[Result "1-0"]
[WhiteElo "2080"]
[BlackElo "1442"]

1. e4 e5 2. Nf3 d6 3. d4 exd4 4. Nxd4 Nf6 5. Nc3 Be7 6. Bc4 c6 7. O-O O-O 8. Re1
h6 9. a4 Nh7 10. a5 Bg5 11. f4 Bf6 12. Be3 c5 13. Ndb5 a6 14. Nxd6 Be7 15. e5
Qc7 16. Nd5 Qd8 17. Nxc8 Nc6 18. Ndxe7+ Nxe7 19. Qxd8 1-0

[Event "AUTO-OPEN-152"]
[Site "http://www.queenalice.com/game.php?id=31034"]
[Date "2005.9.30"]
[Round "1"]
[White "barcino"]
[Black "sandroobom2003"]
[Result "1-0"]
[WhiteElo "1265"]
[BlackElo "1442"]

1. e3 e5 2. Qh5 d6 3. Qf3 Nf6 4. Nc3 Be7 5. Bc4 O-O 6. Nd5 Nxd5 7. Bxd5 c6 8.
Be4 d5 9. Qh5 dxe4 10. Qxe5 f5 11. b3 Bf6 12. Qc5 Bxa1 13. Ba3 1-0

[Event "AUTO-OPEN-152"]
[Site "http://www.queenalice.com/game.php?id=31035"]
[Date "2005.9.30"]
[Round "1"]
[White "sandroobom2003"]
[Black "barcino"]
[Result "0-1"]
[WhiteElo "1417"]
[BlackElo "1288"]

1. e4 g6 2. d4 e6 3. Nf3 Nf6 4. Bg5 Be7 5. Nbd2 Bb4 6. e5 Be7 7. exf6 Bxf6 8.
Bh6 b6 9. Bd3 Ba6 10. Bxa6 Nxa6 11. c3 Qe7 12. Ne4 d5 0-1